000 00464nam a2200169Ia 4500
003 GCL
008 140319s9999 xx 000 0 ara d
040 _aGCL /
_cGCL
082 0 4 _aط
_b790
_bن ع
100 1 _aنبيل محمد ابراهيم
245 1 0 _aعالم التسلية والمرح (2) /
_cنبيل محمد ابراهيم
300 _a80 ص
490 _a100 قصة
_v0
650 0 4 _aالترفيه
650 0 4 _aالالغاز
942 _2ddc
_cBK
999 _c45768
_d45768